Szczegóły MARC21

Wielka encyklopedia roślin /

005 -DATA I CZAS OSTATNIEJ MODYFIKACJI [,]
    • @
    • pole kontrolne
    • 20081107141817.0
020 -Międzynarod. znormalizowany nr książki - ISBN [ , ]
    • a
    • Numer ISBN
    • 8373918884 Find
040 -Instytucja sporządzająca opis [ , ]
    • a
    • Instytucja, która sporządziła opis (NP)
    • SZCZ U/BK
    • c
    • Instytucja, która sporządziła rekord (NP)
    • SZCZ U/BK
    • d
    • Instytucja, która zmodyfikowała rekord (P)
    • SZCZ U/JŚ
041 -Język dokumentu [1, ]
    • a
    • Język tekstu (P)
    • polski
    • h
    • Język tekstu oryginalnego i/lub pośredniego (P)
    • angielski
044 -Kraj miejsca wydania [ , ]
    • a
    • Kraj miejsca wydania
    • Polska
942 -Rodzaj dokumentu [ , ]
    • c
    • Rodzaj dokumentu
    • Książka
245 -Strefa tytułu i oznaczenia odpowiedzialności [0,0]
    • a
    • Tytuł
    • Wielka encyklopedia roślin / Find
    • c
    • Pozostałe elementy strefy tytułu i oznaczenia odpowiedzialności (NP)
    • pod red. Janet Marinelli ; z ang. przeł. Dorota Dobrowolska [i in.].
246 -Wariant tytułu [1,0]
    • a
    • Tytuł (NP)
    • Plant
    • i
    • Tekst wyświetlany na ekranie monitora (NP)
    • Tyt. oryg.
260 -Strefa adresu wydawniczego [ , ]
    • a
    • Miejsce wydania (P)
    • Warszawa :
    • b
    • Nazwa wydawcy (P)
    • Świat Książki,
    • c
    • Data wydania (P)
    • 2006.
300 -Strefa opisu fizycznego [ , ]
    • a
    • Określenie formy książki i/lub objętość (NP)
    • 503 s. :
    • b
    • Oznaczenie ilustracji (NP)
    • il. ;
    • c
    • Format (NP)
    • 31 cm.
504 -Uwaga dot. bibliogr. załącznikowej [ , ]
    • a
    • Uwaga dot. bibliografii załącznikowej
    • Ind.
080 -Uniwersalna Klasyfikacja Dziesiętna [ , ]
    • 2
    • Identyfikator wydania tablic
    • UDC-P058
    • a
    • Symbol klasyfikacji
    • 581
    • b
    • Dopowiedzenie
    • Botanika ogólna. Botanika roślin.
    • x
    • Poddział wspólny
    • (03)
    • b
    • Dopowiedzenie
    • (Encyklopedie. Słowniki encyklopedyczne. Wydawnictwa informacyjne).
980 -Symbol UKD [ , ]
    • a
    • UKD
    • 581(03)
700 -Hasło dodatkowe - nazwa osobowa [1, ]
    • a
    • Nazwa osobowa (NP)
    • Marinelli, Janet. Find
    • e
    • Określenie rodzaju współpracy
    • Red.
700 -Hasło dodatkowe - nazwa osobowa [1, ]
    • a
    • Nazwa osobowa (NP)
    • Dobrowolska, Dorota. Find
    • e
    • Określenie rodzaju współpracy
    • Tł.
920 -ISBN [ , ]
    • a
    • ISBN
    • 83-7391-888-4 Find
Lokalizacja Data inwentaryzacji Status udost. Numer inwentarzowy Obwoluta
BG2008-10-011Bl.110991